00461nam a22001577a 450000500170000001000150001702000230003203500140005503700090006908200120007810000230009024500450011326000500015827000720020830000230028020250908111231.0 aENG-146823 a9789393734792c349 aEN-130355 bDBAD a303.625 aOduor, Denis Basil aTerror In New York /cDenis Basil Oduar aKolkatabExceller Books A Global Pressc2023 aG1 Dream Apartment, Degree College Road, BelghariabKolkatae700056 a201 p.c21 cm(PBK)